00491nam a22001697a 450000500170000001000150001702000260003203500140005803700090007208200140008110000200009524500460011526000550016127000810021630000210029770000030031820250728153205.0 aENG-146231 a9789357319249c450.00 aEN-129763 bDBAD a394.20954 aGanguly, Swayam aAmazing Rituals Of India/bSwayam Ganguly aGurugrambHachette Book Publishing India Pvt. Ltd. bGurugrama4th & 5th Floors, Corporate Centre, Plot No. 94, Sector 44e122003 a204 p. c19.7 cm